000 00879nam a2200265Ia 4500
003 OSt
005 20220916110953.0
006 a|||||r|||| 00| 0
007 ta
008 Pun
020 _a8179823431 (hbk)
024 _a57,072
037 _b768, 27/02/2017, H.K. Prakashan
037 _cTextbook
040 _bPun
_aARTS
_cARTS
041 _aPun
082 _aV243, 153Q5
100 _aਗਿੱਲ, ਹਰਚਰਨ ਸਿੰਘ, ਂਚ।
245 0 _aਗਿੱਲਾਂ ਦਾ ਇਤਿਹਾਸ
260 _aੁਬਰਨਾਲਾ
_bਤਰਕਭਾਰਤੀ ਪ੍ਰਕਾFਨ ਭਾਰਤ
_c2015
300 _a384ਪ੍ਰ0
_ccm.
650 _aਸ਼ਚਅਹ਼ਲਜ; ਇਤਿਹਾਸ
942 _hV243, 153Q5
_cTB
_2CC
999 _c102544
_d102544